000 00848nam a22002297a 4500
005 20240607123813.0
008 211117b ||||| |||| 00| 0 eng d
020 _a0195635329
040 _cAL
082 _223
_a338.95
_bNAYT
100 _aDeepak Nayyar
_910528
245 _aTrade and Industrialization
260 _aDelhi
_bOxford University Press
_c1997
300 _axv,326 p.
_bHB
_c22x14 cm.
520 _aThis collection of essays explores selected themes in trade and industrialization in India, provides critical surveys of the literature, and analyses issues which are the subject matter of intense debate.
650 _aEconomic Development
_910529
650 _aStock Market
_910530
650 _aIndustrialization
_910531
650 _aTechnology and Development
_910532
700 _aNAYYAR (Deepak)
_910533
942 _2ddc
_cGF
999 _c220639
_d220639